000 00294nam a22001337a 4500
008 180315b xxu||||| |||| 00| 0 eng d
020 _a9780486227306
041 _aeng
080 _a701
100 _a45
101 _aART
245 _aThe Elements of Drawing
_cCampbell, L
942 _2udc
_cBK
999 _c45077
_d45077